Experimental Psychology (Record no. 17639)

MARC details
000 -LEADER
fixed length control field 00390nam a22001457a 4500
008 - FIXED-LENGTH DATA ELEMENTS--GENERAL INFORMATION
fixed length control field 190516b xxu||||| |||| 00| 0 eng d
020 ## - INTERNATIONAL STANDARD BOOK NUMBER
International Standard Book Number 8131722312
050 ## - LIBRARY OF CONGRESS CALL NUMBER
Classification number BF181
Item number .S65 2002 c.1
100 ## - MAIN ENTRY--PERSONAL NAME
Personal name Soko Robert L.
245 ## - TITLE STATEMENT
Title Experimental Psychology
Remainder of title A case Approach
Statement of responsibility, etc. Robert L. Solso
250 ## - EDITION STATEMENT
Edition statement 7th ed.
260 ## - PUBLICATION, DISTRIBUTION, ETC. (IMPRINT)
Place of publication, distribution, etc. India
Name of publisher, distributor, etc. Pearson
Date of publication, distribution, etc. 2002
300 ## - PHYSICAL DESCRIPTION
Extent 432p.
942 ## - ADDED ENTRY ELEMENTS (KOHA)
Source of classification or shelving scheme Library of Congress Classification
Koha item type General Collection
Holdings
Withdrawn status Lost status Source of classification or shelving scheme Not for loan Home library Current library Date acquired Cost, normal purchase price Total Checkouts Full call number Barcode Date last seen Price effective from Koha item type
    Library of Congress Classification   Kabarak, Main Campus Kabarak, Main Campus 16/05/2019 2494.00   BF181 .S65 2002 c.1 022395 02/08/2024 16/05/2019 General Collection
    Library of Congress Classification   Kabarak, Main Campus Kabarak, Main Campus 16/05/2019 2494.00   BF181 .S65 2002 c.2 022444 02/08/2024 16/05/2019 General Collection
Designed with assistance from East African Informatics Ltd